| 000 | 00874nam a2200253 i 4500 | ||
|---|---|---|---|
| 001 | bg | ||
| 003 | BPK | ||
| 005 | 20190719141013.0 | ||
| 008 | 051207s1974 pl a f |000 0 pol | ||
| 015 | _aPB 1974/2395 | ||
| 040 |
_aWA N _cBPK |
||
| 041 | 0 | _apol | |
| 080 | _a51 | ||
| 080 | _a(075.8) | ||
| 245 | 0 | 0 |
_aMatematyka dla wydziałów budowlanych i mechanicznych. _nT. 2 / _coprac. zesp. A. Hać [et al.] ; red. Edwarda A. Otto. |
| 260 |
_aWarszawa : _bPańst. Wydaw. Naukowe, _c1974. |
||
| 300 |
_a514, [1] s. : _bil., wykr., err. ; _c24 cm. |
||
| 650 | 4 |
_aMatematyka _xszkoły wyższe. |
|
| 655 | 4 | _aPodręczniki akademickie | |
| 700 | 1 |
_aHać, Aleksander _eOpracowanie |
|
| 700 | 1 |
_aOtto, Edward _d(1908-1986) _eRedakcja |
|
| 856 |
_uhttp://koha.tu.koszalin.pl/cgi-bin/koha/opac-detail.pl?biblionumber=266 _yKatalog online BPK |
||
| 942 |
_2UKD _cKS |
||
| 999 |
_c266 _d266 |
||